| 000 | nam a22 a 4500 | ||
|---|---|---|---|
| 999 |
_c458308 _d458308 |
||
| 003 | BLK | ||
| 005 | 20220530082345.0 | ||
| 008 | 220415b bul|||||r ||||||| ||bul|| | ||
| 040 | _aBLK | ||
| 041 |
_aBUL _cBUL |
||
| 080 |
_aХимия. Кристалография. Минералогия. Вж и 577.1; 66; 612.015; 631.41 _b54 _x(075.3) _z54(075.3) |
||
| 100 | 1 |
_aМитков, Иван _eпърви автор _997236 |
|
| 139 | _aМитков, Иван | ||
| 245 | 1 | 0 |
_aХимия _bЗа ІІ курс на техникумите _cИв. Митков; съавт. Иванка Хр. Петрова. |
| 250 | _a3. стер. изд | ||
| 257 | _aBGR | ||
| 260 |
_aСофия _bНар. просв. _c1966 |
||
| 300 |
_a144 с. _bс ил. _c22 см |
||
| 380 | _a5 | ||
| 500 | _aАвт. не са дадени на кор.; -1. изд. 1964; - 15 063 тир. | ||
| 650 | 7 |
_9176577 _aХимия |
|
| 653 | 7 |
_aучебници за техникуми _9199113 |
|
| 700 | 1 |
_aПетрова, Иванка Хр. _eсъавт. _9419863 |
|
| 852 |
_aЦб 37401 _bЦб |
||
| 856 | 4 |
_qpdf _u |
|
| 856 | 4 |
_qpdf _u |
|
| 942 |
_cKNG _n0 _2udc _s1 |
||
| 944 |
_aCR _c2022-05-30 _kир |
||